|
|
|
|
| LEADER |
01508nam a2200397Ia 4500 |
| 001 |
EBC296771 |
| 003 |
MiAaPQ |
| 005 |
20200520144314.0 |
| 006 |
m o d | |
| 007 |
cr cn||||||||| |
| 008 |
041227s2003 enka sb 001 0 eng d |
| 010 |
|
|
|z 2004276556
|
| 020 |
|
|
|z 0750653345
|
| 020 |
|
|
|z 9780750653343
|
| 035 |
|
|
|a (MiAaPQ)EBC296771
|
| 035 |
|
|
|a (Au-PeEL)EBL296771
|
| 035 |
|
|
|a (CaPaEBR)ebr10180832
|
| 035 |
|
|
|a (CaONFJC)MIL101376
|
| 035 |
|
|
|a (OCoLC)437182146
|
| 040 |
|
|
|a MiAaPQ
|c MiAaPQ
|d MiAaPQ
|
| 050 |
|
4 |
|a TX950.7
|b .L37 2003
|
| 082 |
0 |
4 |
|a 647.95/068
|2 22
|
| 100 |
1 |
|
|a Lashley, Conrad.
|
| 245 |
1 |
0 |
|a Business development in licensed retailing
|h [electronic resource] :
|b a unit manager's guide /
|c Conrad Lashley and Guy Lincoln.
|
| 260 |
|
|
|a Oxford :
|b Butterworth-Heinemann,
|c 2003.
|
| 300 |
|
|
|a xviii, 325 p. :
|b ill.
|
| 490 |
1 |
|
|a Hospitality, leisure, and tourism
|
| 504 |
|
|
|a Includes bibliographical references and index.
|
| 533 |
|
|
|a Electronic reproduction. Ann Arbor, MI : ProQuest, 2015. Available via World Wide Web. Access may be limited to ProQuest affiliated libraries.
|
| 650 |
|
0 |
|a Bars (Drinking establishments)
|x Management.
|
| 650 |
|
0 |
|a Bars (Drinking establishments)
|x Management
|v Case studies.
|
| 655 |
|
4 |
|a Electronic books.
|
| 700 |
1 |
|
|a Lincoln, Guy.
|
| 710 |
2 |
|
|a ProQuest (Firm)
|
| 830 |
|
0 |
|a Hospitality, leisure, and tourism series.
|
| 856 |
4 |
0 |
|u https://ebookcentral.proquest.com/lib/matrademy/detail.action?docID=296771
|z Click to View
|